[Event "FIDE World Cup Europe Hybrid Qual"]
[Site "Tornelo INT"]
[Date "2021.05.25"]
[Round "1.3"]
[White "Arabidze, Meri"]
[Black "Agdestein, Simen"]
[Result "1/2-1/2"]
[WhiteElo "2436"]
[BlackElo "2552"]
[PlyCount "101"]
[EventDate "2021.05.24"]
[EventType "k.o."]
[EventRounds "3"]
[EventCountry "NET"]
[SourceTitle "CBM 202 Extra"]
[Source "ChessBase"]
[SourceDate "2021.07.31"]
[SourceVersion "1"]
[SourceVersionDate "2021.07.31"]
[SourceQuality "1"]

1. d4 d5 2. c4 c6 3. Nf3 Nf6 4. e3 e6 5. Nc3 Nbd7 6. Qc2 Bd6 7. Be2 0-0 8. 0-0 dxc4 9. a4 e5 10. Bxc4 exd4 11. exd4 Nb6 12. Bb3 Nbd5 13. Bg5 Be6 14. Nxd5 cxd5 15. Ne5 Qc8 16. Qxc8 Raxc8 17. Bxf6 gxf6 18. Nd3 a5 19. Rac1 Rc6 20. Rxc6 bxc6 21. Bc2 Rb8 22. b3 Bf5 23. Rd1 Bc7 24. Rd2 Bb6 25. Ne1 Bg6 26. Kf1 Ba7 27. Nf3 Kf8 28. Nh4 Rb4 29. Nf5 Bxf5 30. Bxf5 Bxd4 31. Bxh7 c5 32. Bc2 Rb8 33. h4 Ke7 34. g4 Kd6 35. Kg2 Be5 36. Kf3 Rb4 37. h5 Rf4+ 38. Ke2 Rxg4 39. h6 Bf4 40. h7 Rh4 41. Rd1 f5 42. Rg1 Be5 43. Bxf5 c4 44. bxc4 dxc4 45. Rg8 Kc5 46. Rc8+ Kb4 47. Re8 Bd4 48. Rd8 Be5 49. Re8 Bd4 50. Rd8 Be5 51. Re8 1/2-1/2

[Event "Fagernes op"]
[Site "Fagernes"]
[Date "2020.10.10"]
[Round "8"]
[White "Agdestein, Simen"]
[Black "Ranaldi, Lucas"]
[Result "1-0"]
[WhiteElo "2552"]
[BlackElo "2334"]
[PlyCount "101"]
[EventDate "2020.10.04"]
[EventType "swiss"]
[EventRounds "9"]
[EventCountry "NOR"]
[SourceTitle "EXT 2021"]
[Source "ChessBase"]
[SourceDate "2020.10.23"]
[SourceVersion "1"]
[SourceVersionDate "2020.10.23"]
[SourceQuality "1"]

1. d4 Nf6 2. c4 e6 3. Nc3 Bb4 4. a3 Bxc3+ 5. bxc3 c5 6. e3 Nc6 7. Bd3 b6 8. e4 cxd4 9. cxd4 e5 10. d5 Na5 11. Nf3 d6 12. 0-0 Bg4 13. c5 bxc5 14. Qa4+ Bd7 15. Bb5 Rb8 16. Bxd7+ Nxd7 17. Bd2 Nb3 18. Rab1 Nxd2 19. Nxd2 Ke7 20. Qxa7 Ra8 21. Qb7 Qa5 22. Nc4 Qa6 23. Qxa6 Rxa6 24. f3 Rb8 25. Rxb8 Nxb8 26. Rb1 Nd7 27. Rb7 Kd8 28. a4 Kc8 29. Rb1 Kc7 30. a5 Ra8 31. Kf2 Rb8 32. Rxb8 Nxb8 33. h4 Na6 34. Ke3 Kd7 35. Kd3 Nc7 36. Nb6+ Kd8 37. Kc4 Ke7 38. Na4 Kd7 39. Nxc5+ dxc5 40. Kxc5 f6 41. Kb6 Kc8 42. d6 Ne6 43. a6 Kb8 44. d7 h5 45. Kc6 g5 46. Kd6 Nd8 47. Ke7 Nc6+ 48. Ke8 g4 49. d8Q+ Nxd8 50. Kxd8 f5 51. exf5 1-0